000 01129nam0a22002411 4500
001 rc\4684266
005 20260408030804.0
021 _aRU
_bРг8987-63
035 _a(NLR Aleph) 008426328
090 _a9389066
_c9389066
100 _a20130416d1963 |||y0rusy50 ca
101 0 _arus
102 _aRU
105 _ay z |||||
200 1 _aПорайонные прейскурантные цены на 1 квадратный метр жилой площади для строительства в Киргизской ССР
_e[Разраб. Кирг. Гос. ин-том проектирования "Киргизгипрострой", утв. 24/IV 1963 г. Введ. до 1/I 1963 г.]
_fГосстрой Кирг. ССР. Кирг. гос. ин-т проектирования "Киргизгипрострой"
210 _aФрунзе
_cБ. и.
_d1963
215 _a322 с.
_d20
712 0 1 _aКиргССР
_bКомитет по делам строительства
_9869552
_3RU\NLR\AUTH\8810188654
801 0 _aRU
_bNLR
_gpsbo
801 1 _aRU
_bELAR
_2rusmarc
852 _aNLR
_jПт80.7/34
942 _cBOOK
980 _aNB